Babydoll - Dominic Fike (All Lyrics) - Statistics

General Stats
  • This quiz has been taken 208 times
  • The average score is 98 of 160
Answer Stats
Answer % Correct
I
100%
babydoll
99%
can
99%
can't
99%
on
98%
move
97%
a
93%
I'm
89%
it
87%
an
86%
call
85%
and
83%
And
83%
outrageous
79%
it's
78%
Waitin'
78%
waitin'
78%
calls
72%
through
72%
you
71%
take
68%
flippin'
66%
outclassed
66%
stations
66%
what
65%
Oh
63%
all
60%
me
60%
We
60%
I'll
54%
my
54%
My
54%
for
53%
down
52%
the
51%
been
50%
was
50%
but
48%
daddy
47%
Whatever's
47%
weighing
46%
Find
45%
find
45%
'cause
44%
'Cause
44%
pimp
43%
her
42%
had
41%
looking
41%
concrete
40%
issues
40%
Miami
40%
different
38%
somebody
38%
anyway
37%
miss
37%
don't
36%
know
36%
mama
35%
both
34%
to
34%
wrong
34%
reasons
33%
thinkin'
33%
exactly
32%
go
32%
ever
29%
Please
29%
with
28%
or
27%
place
26%
Weeks
25%
pass
23%
if
22%
never
22%
in
21%
original
21%
phone
21%
barely
19%
road
18%
said
18%
tired
18%
grow
17%
lie
17%
space
17%
wanna
16%
really
15%
outer
13%
up
13%
globe
11%
make
11%
didn't
10%
No matching quizzes found
Score Distribution
Percent of People with Each Score
Percentile by Number Answered
Your Score History
You have not taken this quiz